SARS : assessment, outlook, and lessons learned : hearing before the Subcommittee on Oversight and Investigations of the Committee on Energy and Commerce, House of Representatives, One Hundred Eighth Congress, first session, May 7, 2003.

Bibliographic Details
Corporate Authors: United States. Congress. House. Committee on Energy and Commerce. Subcommittee on Oversight and Investigations, ProQuest (Firm)
Format: Government Document eBook
Language:English
Published: Washington : U.S. G.P.O. : 2003.
Series:U.S. Congressional Hearings.
Subjects:
Online Access:Connect to the full text of this electronic book

MARC

Tag First Indicator Second Indicator Subfields
LEADER 00000cam a22000001a 4500
001 in00003264921
006 m d f
007 cr bn mmmapmmp
008 090922s2003 dcua ob f000 0 eng d
005 20260604205137.8
035 |a cis2007474822 
040 |a UMI  |c UMI  |d UtOrBLW 
043 |a n-us--- 
074 |a 1019-A-01 
074 |a 1019-A-01 (online) 
074 |a 1019-B-01 (MF) 
074 |a 1019-B-01 (online) 
086 0 |a Y 4.C 73/8:108-20  |z Y 4.C 73/8:SA 7 
088 |a Serial no. 108-20 (United States. Congress. House. Committee on Energy and Commerce) 
099 |a HRG-2003-HEC-0038 
110 1 |a United States.  |b Congress.  |b House.  |b Committee on Energy and Commerce.  |b Subcommittee on Oversight and Investigations. 
245 1 0 |a SARS :  |b assessment, outlook, and lessons learned : hearing before the Subcommittee on Oversight and Investigations of the Committee on Energy and Commerce, House of Representatives, One Hundred Eighth Congress, first session, May 7, 2003. 
264 1 |a Washington :  |b U.S. G.P.O. :  |c 2003. 
264 2 |a Washington :  |b For sale by the Supt. of Docs., U.S. G.P.O. [Congressional Sales Office], 
300 |a 1 online resource. 
336 |a text  |b txt  |2 rdacontent 
337 |a computer  |b c  |2 rdamedia 
338 |a online resource  |b cr  |2 rdacarrier 
500 |a Record is based on bibliographic data in ProQuest Congressional Hearings Digital Collection. Reuse except for individual research requires license from ProQuest, LLC. 
504 |a Includes bibliographical references. 
530 |a Also available via Internet from the GPO Access web site. Address as of 8/15/03: http://frwebgate.access.gpo.gov/cgi-bin/getdoc.cgi ?dbname=108%5Fhouse%5Fhearings&docid=f:87484.pdf; current access is available via PURL. 
538 |a System requirements: PDF reader software. 
500 |a Electronic resource. 
650 0 |a SARS (Disease)  |x Prevention  |x Government policy  |z United States. 
650 0 |a SARS (Disease)  |x Research  |z United States. 
650 0 |a Public health  |z United States. 
655 7 |a Electronic books.  |2 local 
710 2 |a ProQuest (Firm) 
776 0 8 |i Print version:  |a United States. Congress. House. Committee on Energy and Commerce. Subcommittee on Oversight and Investigations.  |t SARS  |w (DLC)2003479347  |w (DGPO)99132470 
776 0 8 |i Microfiche version:  |a United States. Congress. House. Committee on Energy and Commerce. Subcommittee on Oversight and Investigations.  |t SARS.  |d [Bethesda, Md.] : ProQuest,[2004]  |o CIS 2003 H361-28  |w (ProQuest)cis00300270 
830 0 |a U.S. Congressional Hearings. 
856 4 0 |u http://proxy.library.tamu.edu/login?url=https://congressional.proquest.com/congcomp/getdoc?HEARING-ID=HRG-2003-HEC-0038  |z Connect to the full text of this electronic book  |t 0 
998 |a cis00300270 
999 |a MARS 
999 f f |s ba1126f9-1129-3bf1-ad85-fe8592595e59  |i ff6707bf-2339-3fe8-a497-8abc10479e1a  |t 0 
952 f f |a Texas A&M University  |b College Station  |c Electronic Resources  |s www_evans  |d Available Online  |t 0  |e HRG-2003-HEC-0038  |h Other scheme 
998 f f |a HRG-2003-HEC-0038  |t 0  |l Available Online